Adabiyat-e-jadeed Iran (Record no. 415167)

MARC details
000 -LEADER
fixed length control field 00650nam a2200241Ia 4500
003 - CONTROL NUMBER IDENTIFIER
control field OSt
005 - DATE AND TIME OF LATEST TRANSACTION
control field 20220924123310.0
008 - FIXED-LENGTH DATA ELEMENTS--GENERAL INFORMATION
fixed length control field 220923b |||||||| |||| 00| 0 urd d
037 ## - SOURCE OF ACQUISITION
Terms of availability Textual
040 ## - CATALOGING SOURCE
Original cataloging agency ARTS
Transcribing agency ARTS
Language of cataloging urd
041 ## - LANGUAGE CODE
Source of code urd
Language code of text/sound track or separate title urd
100 ## - MAIN ENTRY--PERSONAL NAME
Personal name Imam Manzar Au.
9 (RLIN) 192349
245 #0 - TITLE STATEMENT
Title Adabiyat-e-jadeed Iran
260 ## - PUBLICATION, DISTRIBUTION, ETC.
Place of publication, distribution, etc. Muzaffarpur
Name of publisher, distributor, etc. Kitabistan
Date of publication, distribution, etc. 1996
650 ## - SUBJECT ADDED ENTRY--TOPICAL TERM
Topical term or geographic name entry element PERSIAN LANGUAGE - HISTORY
942 ## - ADDED ENTRY ELEMENTS (KOHA)
Classification part O164vN7, 168N6
Koha item type Textual
Source of classification or shelving scheme Colon Classification (CC)
Holdings
Withdrawn status Lost status Damaged status Not for loan Home library Current library Date acquired Cost, normal purchase price Total Checkouts Full call number Barcode Date last seen Date last checked out Cost, replacement price Price effective from Koha item type Public note
        Arts Library Central Library 2022-09-24 125.00 1 O164vN7 168N6 AL1064982 2024-12-10 2024-11-22 125.00 2022-09-24 Textual Translated from Persian to Urdu
Copyright @ Delhi University Library System